[Event "Paris GCT 2018-Blitz"]
[Site "Paris"]
[Date "2018.06.23"]
[Round "6"]
[White "Kramnik, Vladimir"]
[Black "So, Wesley"]
[Result "1/2-1/2"]
[WhiteElo "2787"]
[BlackElo "2778"]
[Annotator "TA"]
[PlyCount "115"]
[EventDate "2018.06.23"]
[EventType "tourn"]
[EventCountry "FRA"]
[SourceTitle "playchess.com"]
[Source "ChessBase"]
[SourceQuality "1"]

{[%evp 18,115,11,0,6,-4,-10,-20,-15,-54,-54,-50,-52,-52,-63,-55,-42,-134,-134,-134,-141,-155,-116,-135,-129,-126,-80,-116,-119,-110,-79,-85,-87,-115,-129,-125,-100,-111,-120,-106,0,0,0,0,0,0,0,0,0,0,0,0,0,0,0,0,10,12,12,14,14,14,14,12,14,22,13,13,13,13,17,13,16,18,17,17,16,0,26,15,121,0,0,0,3,4,9,0,0,0,6,0,0,0,0,0,0,0,0,0]} 1. e4 e5 2. Nf3 Nc6 3. Bc4 Bc5 4. c3 Nf6 5. d3 O-O 6. O-O d6 7. Re1 a5 {C54: Giuoco Piano: 4 c3 Nf6, main lines with 5 d4 and 5 d3} 8. h3 h6 9. Bb3 (9. Nbd2 Be6 10. Bb5 Qb8 11. Nf1 Qa7 12. Re2 a4 13. Ng3 Qa5 14. Bxc6 bxc6 15. Nh4 Rfe8 16. Re1 {½-½ (28) Mamedyarov,S (2808)-Karjakin,S (2782) Stavanger 2018}) 9... Be6 10. Nbd2 {LiveBook: 6 Games} (10. Ba4 {is interesting.} Ba7 11. d4 Bd7 12. Be3 Re8 13. d5) 10... Bxb3 11. axb3 Re8 12. Nf1 d5 13. Qe2 $146 ({Predecessor:} 13. Qc2 Qd6 14. Ng3 Rad8 15. Nf5 {½-½ (33) Sudnitsyn,A (2422)-Bukarin,M (2310) ICCF email 2015}) 13... Qd7 14. Nh4 Rad8 15. Qf3 dxe4 16. dxe4 Qd3 17. Be3 (17. Qg3 $15) 17... Qxe4 $17 ({Weaker is} 17... Nxe4 18. Red1 $16) 18. Bxc5 Qxh4 19. Ng3 Qg5 20. Be3 Qg6 21. Rad1 e4 22. Qf5 Qxf5 23. Nxf5 Nd5 24. Bc1 Kh7 25. Kh2 g5 26. f3 exf3 {aiming for ...Nxc3!} 27. Rxe8 Rxe8 28. Rxd5 {[#]} Re1 ({Better is} 28... Re2 $1 $17 29. Bd2 Rxg2+ 30. Kh1 Kg6) 29. Be3 $11 {Hoping for g4.} Ne7 30. Bf2 Re2 31. Nxe7 {Threatens to win with Kg3.} Rxf2 {[%mdl 4096] Endgame KRN-KR} 32. Rf5 Rxg2+ 33. Kh1 Rxb2 34. Rxf7+ Kh8 35. Kg1 Rxb3 36. Kf2 a4 {[%cal Ba5a4,Ba4a3,Ba3a2][%mdl 32]} 37. Nd5 {[#] Intending Nf6 and mate.} Kg8 38. Rxc7 a3 39. Kxf3 a2 40. Rc8+ $1 Kf7 41. Ra8 Ke6 42. Ke4 Rb2 43. Nb4 Rh2 44. Rxa2 Rxh3 45. Re2 Kd6 46. Nd3 h5 47. Rb2 Kc7 48. Rb5 g4 (48... Rg3 $11) 49. Nf4 (49. Rc5+ $16 Kd6 50. Rg5) 49... Kc6 {The position is equal.} 50. c4 ({Don't play} 50. Rxh5 Rxc3 51. Ne2 Rc4+ 52. Nd4+ Kd6 $16) 50... Rh4 $1 51. Ng6 Rh1 $1 52. Ne5+ Kc7 53. Kf4 Rf1+ 54. Kg5 g3 {Strongly threatening ...g2.} 55. Rb2 $1 Rf2 56. Rb1 g2 57. Rg1 Rc2 58. Kxh5 {Precision: White = 60%, Black = 74%.} 1/2-1/2

[Event "Paris GCT 2018-Blitz"]
[Site "Paris"]
[Date "2018.06.23"]
[Round "6"]
[White "Karjakin, Sergey"]
[Black "Anand, Viswanathan"]
[Result "1-0"]
[WhiteElo "2782"]
[BlackElo "2759"]
[Annotator "TA"]
[PlyCount "69"]
[EventDate "2018.06.23"]
[EventType "tourn"]
[EventCountry "FRA"]
[SourceTitle "playchess.com"]
[Source "ChessBase"]
[SourceQuality "1"]

{[%evp 14,69,0,0,20,0,22,20,20,12,22,27,24,22,22,11,12,0,11,8,32,29,29,32,110,97,108,92,105,100,105,100,102,100,106,77,93,83,84,82,189,190,186,192,193,199,229,225,221,219,221,218,242,206,210,228,360,341]} 1. e4 e5 2. Nf3 Nc6 3. Bb5 Nf6 4. d3 Bc5 5. O-O d6 6. Nbd2 {C65: Ruy Lopez: Berlin Defence (3...Nf6), unusual lines and 4 0-0 Bc5} (6. c3 O-O 7. h3 a6 8. Ba4 Ba7 9. Be3 Bxe3 10. fxe3 Ne7 11. Nbd2 Ng6 12. Qe1 h6 13. Bb3 Qe7 14. Rf2 Be6 15. Nf1 Bxb3 16. axb3 {½-½ (58) Fedorchuk,S (2648)-Eljanov,P (2711) Riadh 2017}) 6... O-O 7. Bxc6 bxc6 8. h3 {LiveBook: 18 Games. The position is equal.} Bb6 9. Re1 Nd7 $146 ({Predecessor:} 9... Ne8 10. a4 a5 11. Nc4 f5 12. Nxb6 cxb6 13. Bg5 Qc7 14. exf5 h6 15. Bh4 Bxf5 {½-½ (54) Milliet,S (2379)-Olsarova,K (2224) Germany 2014}) 10. a4 a5 11. Nc4 Ba6 12. Nxb6 cxb6 13. d4 c5 14. dxe5 dxe5 15. Nh2 {[%cal Bf3h2,Bh2g4,Bg4e3][%mdl 32]} Bb7 16. Ng4 h5 17. Ne3 Bxe4 18. Qxh5 f5 ({Black should try} 18... Bg6 $14 19. Qe2 Qh4) 19. f3 $16 Nf6 20. Qg6 f4 21. fxe4 fxe3 22. Bxe3 Qe8 23. Qxe8 Rfxe8 24. Bg5 Rad8 25. Kf2 Rd4 26. Bxf6 Rf8 (26... gxf6 $16 27. Ke3 Red8) 27. Ke3 $1 $18 Rxf6 {[%mdl 4096] Endgame KRR-KRR} 28. c3 $1 {[%cal Rc3d4]} Rd8 {[#]} 29. Rad1 $1 {[%cal Rd1d8]} Rdf8 30. Rd5 Rg6 {[#]} 31. Re2 $1 ({Weaker is} 31. Rxe5 Rg3+ 32. Kd2 Rf2+ 33. Re2 Rxe2+ 34. Kxe2 Rxg2+ 35. Kd3 Rxb2 $14) 31... Rg3+ 32. Kd2 Re8 33. Rd6 Rb8 34. Kc2 Kh7 (34... b5 {might work better.} 35. axb5 Rxb5) 35. Kb3 {Precision: White = 76%, Black = 39%.} 1-0

[Event "Paris GCT 2018-Blitz"]
[Site "Paris"]
[Date "2018.06.23"]
[Round "6"]
[White "Nakamura, Hikaru"]
[Black "Aronian, Levon"]
[Result "1/2-1/2"]
[WhiteElo "2769"]
[BlackElo "2764"]
[Annotator "TA"]
[PlyCount "69"]
[EventDate "2018.06.23"]
[EventType "tourn"]
[EventCountry "FRA"]
[SourceTitle "playchess.com"]
[Source "ChessBase"]
[SourceQuality "1"]

{[%evp 25,69,15,13,0,0,0,0,0,0,0,0,0,0,5,8,10,8,-33,-10,-59,-47,-53,-33,-81,-73,-96,-97,-91,-84,-84,-92,-68,-101,-75,-61,-65,-7,-7,-7,-15,-15,-15,0,0,0,0]} 1. e4 e5 2. Nf3 Nc6 3. Bb5 a6 4. Ba4 Nf6 5. O-O Be7 6. d3 b5 7. Bb3 d6 8. a3 O-O 9. Nc3 Bg4 10. Be3 Nd4 {C84: Closed Ruy Lopez: Unusual White 6th moves} 11. Bxd4 exd4 12. Nd5 Nxd5 (12... c5 13. a4 Be6 14. Nxf6+ Bxf6 15. Bxe6 fxe6 16. Re1 Qc7 17. e5 dxe5 18. Nd2 {½-½ (35) Anand,V (2760)-Ding,L (2791) Stavanger 2018}) 13. Bxd5 Rc8 {LiveBook: 17 Games} 14. a4 c6 15. Bb3 d5 $146 ({Predecessor:} 15... Bh5 16. axb5 axb5 17. Re1 Bf6 18. h3 g5 19. g3 h6 20. Kg2 Rc7 21. Qd2 Kh7 22. Nh2 Bg6 23. Ra6 Bg7 24. g4 {½-½ (24) Pivinsky,E (2499)-Schoen,A (2490) ICCF email 2015}) 16. axb5 axb5 17. exd5 c5 $1 18. h3 Bh5 19. Re1 Bd6 20. Ra6 Qf6 21. Rc6 Rce8 $1 {[%cal Re8e1][%mdl 1024] Black has compensation.} 22. g4 {Hoping for Rxe8.} Bg6 $1 23. Kg2 h5 {aiming for ...hxg4.} 24. g5 {[#]} Qd8 $1 25. Rxe8 Rxe8 26. c3 dxc3 27. bxc3 Bf5 28. Bc2 Qd7 29. Ng1 g6 30. d4 {[#] Black must now prevent Bxf5.} Bxc2 (30... Bf8 $1 $15 31. Bxf5 Qxf5 32. dxc5 Re5) 31. Qxc2 $11 {The position is equal.} Bf8 32. c4 bxc4 33. Qxc4 Rd8 34. dxc5 Qxd5+ 35. Qxd5 {Precision: White = 38%, Black = 79%.} 1/2-1/2

[Event "Paris GCT 2018-Blitz"]
[Site "Paris"]
[Date "2018.06.23"]
[Round "6"]
[White "Grischuk, Alexander"]
[Black "Caruana, Fabiano"]
[Result "1-0"]
[WhiteElo "2766"]
[BlackElo "2816"]
[Annotator "TA"]
[PlyCount "107"]
[EventDate "2018.06.23"]
[EventType "tourn"]
[EventCountry "FRA"]
[SourceTitle "playchess.com"]
[Source "ChessBase"]
[SourceQuality "1"]

{[%evp 17,107,10,15,6,10,8,19,1,20,6,25,1,20,12,35,32,21,14,55,43,68,68,79,84,76,46,81,90,112,120,102,0,0,0,0,0,0,0,12,43,80,6,58,0,0,0,0,0,30,0,39,47,56,56,72,52,86,109,124,128,250,250,250,250,250,242,242,238,286,266,266,258,891,766,875,856,1008,908,1514,1175,6049,1875,2081,1325,12844,12844,12845,12845,12845,12846,12846,12847]} 1. e4 e5 2. Nf3 Nc6 3. Bb5 a6 4. Ba4 Nf6 5. O-O Be7 6. d3 b5 7. Bb3 d6 8. a4 Bd7 9. Bd2 {C84: Closed Ruy Lopez: Unusual White 6th moves} (9. c3 Na5 10. Ba2 bxa4 11. Nbd2 O-O 12. Bb1 Bb5 13. Bc2 Nb7 14. c4 Bd7 15. Bxa4 Bxa4 16. Qxa4 Nc5 {½-½ (53) Carlsen,M (2837)-Ding,L (2774) Saint Louis 2017}) 9... O-O {LiveBook: 11 Games} 10. h3 b4 11. a5 {The position is equal.} Rb8 12. c3 h6 $146 ({Predecessor:} 12... Qc8 13. Re1 bxc3 14. bxc3 Be6 15. Bxe6 Qxe6 16. Qa4 d5 17. exd5 Qxd5 {1-0 (47) Naiditsch,A (2716)-Sanikidze,T (2524) Mulhouse 2011}) 13. Re1 Re8 14. d4 Bf8 15. d5 bxc3 16. bxc3 Ne7 {[%cal Bc6e7,Be7g6,Bg6f4,Bf4e2][%mdl 32]} 17. Ba4 g5 18. c4 Ng6 19. Nc3 Bg7 20. Qc2 Nf4 21. Reb1 Rxb1+ 22. Rxb1 Rf8 23. Bxd7 Nxd7 24. Nd1 (24. Ne1 $16) 24... Ne2+ $1 $11 25. Kf1 Nd4 26. Nxd4 exd4 27. f3 Ne5 28. Nf2 h5 29. Nd3 (29. c5 $16) 29... Qe7 (29... Qf6 $11) 30. Nxe5 ({White should play} 30. c5 $1 $14) 30... Qxe5 31. Qd3 Re8 32. Kf2 (32. Rb7 {feels hotter.} Bf6 33. Rxc7 Qh2 34. Rb7 g4 35. fxg4 Qh1+ 36. Kf2) 32... g4 (32... Qh2 {is more complex.} 33. Bxg5 Be5 34. Kf1 Qh1+ 35. Kf2 Qh2) 33. hxg4 hxg4 34. fxg4 Qxe4 35. Qxe4 Rxe4 {[%mdl 4096] Endgame KRB-KRB} 36. Kf3 Re7 37. Rb7 $1 Kh7 {[#]} 38. c5 $1 {[%cal Rc5d6][%mdl 512] Black must now prevent cxd6.} Re5 ({Don't blunder} 38... dxc5 $2 39. d6 $1 $18 {[%mdl 512]}) (38... Be5 $16 {was worth a try.}) 39. Rxc7 $18 Rxd5 {[#]} 40. cxd6 $1 ({Don't do} 40. Rxf7 $6 Rxc5 41. Re7 Rc4 $16) 40... Rxd6 41. Rxf7 Kg6 42. Rb7 Rf6+ 43. Ke2 d3+ 44. Kxd3 {aiming for Rxg7+.} Rf2 $2 (44... Rd6+ 45. Ke2 Bd4) 45. Rb6+ {White is clearly winning.} Kf7 46. Rxa6 Rxg2 47. g5 {[%cal Bg4g5,Bg5g6][%mdl 32]} Rg3+ 48. Ke4 Rg2 {[#]} 49. Bf4 (49. g6+ $142 $1 Ke8 (49... Rxg6 50. Rxg6) 50. Ra8+ Kd7 51. Ra7+ Kc6 52. Rxg7 Rxd2 53. a6 Re2+ 54. Kd3) 49... Bc3 50. Kf5 Ra2 51. g6+ Ke8 52. Ra8+ Kd7 53. Ra7+ Kc6 54. Rc7+ {Precision: White = 62%, Black = 35%.} 1-0

[Event "Paris GCT 2018-Blitz"]
[Site "Paris"]
[Date "2018.06.23"]
[Round "7"]
[White "Caruana, Fabiano"]
[Black "Kramnik, Vladimir"]
[Result "0-1"]
[WhiteElo "2816"]
[BlackElo "2787"]
[Annotator "TA"]
[PlyCount "110"]
[EventDate "2018.06.23"]
[EventType "tourn"]
[EventCountry "FRA"]
[SourceTitle "playchess.com"]
[Source "ChessBase"]
[SourceQuality "1"]

{[%evp 15,110,0,0,-27,-18,-37,0,-49,-38,-64,-31,-22,-5,-79,-79,-183,-42,-51,-43,-41,31,29,17,22,37,31,54,24,64,66,132,84,217,196,213,209,212,197,195,199,220,205,200,212,223,212,259,202,269,261,307,307,307,300,299,254,265,252,252,235,247,231,192,195,303,231,241,150,262,0,57,33,489,-126,-25,-25,0,0,0,0,0,0,0,0,0,-116,-109,-118,-112,-123,-121,-695,-976,-29981,-29982,-29984,-29985]} 1. e4 e5 2. Nf3 Nc6 3. Nc3 Nf6 4. a3 d5 5. Bb5 Nxe4 6. Qe2 {C47: Scotch Four Knights and Four Knights with 4 g3} Qd6 7. Nxe4 dxe4 8. Qxe4 Bd7 {LiveBook: 4 Games} 9. d3 (9. d4 $5) 9... O-O-O 10. O-O Re8 $146 ({Predecessor:} 10... f5 11. Qe2 Re8 12. Re1 e4 13. dxe4 fxe4 {0-1 (48) Van Foreest,J (2629)-Cheparinov,I (2710) Riadh 2017}) 11. Qe2 Qg6 12. Be3 Bd6 13. Nd2 a6 14. Ba4 (14. Bxc6 $1 $11 Bxc6 15. f3) 14... f5 15. f3 (15. Bxc6 $17 Bxc6 16. f3) 15... h5 (15... b5 $1 $19 {[%cal Rb5a4]} 16. Bb3 f4) 16. Kh1 $15 h4 17. h3 $1 Nd4 (17... Qf6 $15) 18. Bxd7+ $14 Kxd7 19. Qd1 Ne6 20. Nc4 Qf6 21. c3 Kc8 22. b4 {[%cal Bb2b4,Bb4b5][%mdl 32]} Rd8 (22... Nf4 $14) 23. Qb3 Be7 (23... Rhe8 $16) 24. b5 $1 $18 {[%cal Rb5a6] Hoping for bxa6.} Nc5 25. Bxc5 $1 Bxc5 26. bxa6 Qxa6 27. Nxe5 Rhe8 28. d4 Bd6 29. f4 Re7 30. a4 {[%cal Ba3a4,Ba4b5][%mdl 32]} Rde8 31. Qb5 g5 32. Ng6 $1 {[%cal Rg6e7]} (32. fxg5 $6 Bxe5 33. dxe5 Rxe5 $16) 32... Qxb5 33. Nxe7+ (33. axb5 Re6 $18) 33... Rxe7 34. axb5 Bxf4 {[%mdl 4096] Endgame KRR-KRB} 35. Rae1 Rf7 36. Re6 Kd7 37. d5 b6 38. c4 Rf8 39. Ra1 Bd6 (39... Rg8 {keeps fighting.} 40. Ra2 Bd6) 40. Kg1 g4 41. Rf1 {hxg4 is the strong threat.} g3 (41... Bc5+ $16 {was worth a try.} 42. Kh1 g3) 42. Rf3 $2 (42. Ra1 $1 $18) 42... f4 (42... Ra8 $1 $11 43. Re1 f4) 43. Rh6 $14 {aiming for Kf1.} Ra8 $2 {[%mdl 8192]} (43... Ke7 $1 $14) 44. Rf1 $2 {[#]} ({White must play} 44. Rh7+ $18 Kc8 45. Rh8+ Kb7 46. Rxa8 Kxa8 47. Kf1) 44... Ra2 (44... f3 $1 $17 45. Rxd6+ (45. gxf3 {leads to mate.} Bc5+ 46. Kh1 Ra2 47. Rh7+ Kc8 48. Rf2 Rxf2 49. Rxc7+ Kxc7 50. d6+ Kxd6 51. Kg1 Ke6 52. f4 Kf5 53. Kh1 Rh2#) (45. Rxh4 Ra2 $19) (45. Rh7+ $2 Kc8 $19) 45... Kxd6 46. gxf3 Ra4) 45. Rf6 (45. Rxh4 Bc5+ 46. Kh1 {[#]} f3 $1 {[%mdl 512]} 47. Rh7+ Kc8 48. Rxc7+ Kxc7 49. d6+ Kd8 50. Rg1 fxg2+ 51. Rxg2 Ra1+ 52. Rg1 Rxg1#) 45... Be5 46. Rf5 Kd6 47. Re1 Bd4+ 48. Kh1 Be3 49. Rf6+ Kc5 50. Rc6+ (50. Rf7 $1 $11 {was the only way to keep the balance.} Kxc4 51. Rxc7+ Kxd5 52. Rd1+ Ke6 53. Rc8) 50... Kd4 $17 51. Rd1+ Kc3 {( -> ...f3!)} 52. Rf6 Kxc4 53. d6 $2 {[%mdl 8192]} (53. Rb1 $17) 53... cxd6 $19 {[%cal Bc7d6,Bd6d5,Bd5d4][%mdl 32]} 54. Rf5 d5 55. Rb1 d4 {Precision: White = 53%, Black = 27%.} 0-1

[Event "Paris GCT 2018-Blitz"]
[Site "Paris"]
[Date "2018.06.23"]
[Round "7"]
[White "Vachier-Lagrave, Maxime"]
[Black "Karjakin, Sergey"]
[Result "1-0"]
[WhiteElo "2789"]
[BlackElo "2782"]
[Annotator "TA"]
[PlyCount "163"]
[EventDate "2018.06.23"]
[EventType "tourn"]
[EventCountry "FRA"]
[SourceTitle "playchess.com"]
[Source "ChessBase"]
[SourceQuality "1"]

{[%evp 23,163,13,13,15,14,10,9,14,15,0,20,0,0,0,20,8,15,0,0,0,23,20,24,0,0,0,0,0,0,-6,0,0,0,0,0,0,0,0,21,0,103,107,103,104,147,91,76,68,106,106,103,106,106,106,106,106,100,103,115,112,120,120,116,79,86,81,84,68,158,164,169,154,153,134,206,206,212,212,326,294,212,212,374,357,325,212,212,212,212,212,212,212,212,212,212,212,212,212,212,212,212,212,212,212,212,212,212,212,212,212,212,212,212,212,212,212,212,212,212,212,212,212,212,212,212,0,212,0,212,212,212,212,212,212,213,213,213,212,212,212,5405,122]} 1. d4 Nf6 2. c4 e6 3. Nf3 d5 4. Nc3 Be7 5. Bf4 O-O 6. e3 Nbd7 7. c5 Nh5 8. Bd3 {D37: Queen's Gambit Declined: 5 Bf4} Nxf4 9. exf4 b6 10. b4 a5 11. a3 c6 12. O-O Qc7 {LiveBook: 110 Games} 13. g3 Ba6 14. Kg2 Bxd3 15. Qxd3 Ra7 {[#]} 16. h4 $146 Rfa8 {aiming for ...axb4.} 17. Rab1 axb4 18. axb4 h5 19. Rfe1 Bf6 20. f5 exf5 21. Qxf5 g6 22. cxb6 {Black must now prevent Qxf6.} Qd6 ({Much weaker is} 22... gxf5 $6 23. bxc7 Rxc7 24. b5 $16) 23. Qd3 Nxb6 24. Ne2 Ra3 25. Rb3 Nc4 26. Nf4 Rxb3 27. Qxb3 Ra3 28. Qc2 {And now Nxg6! would win.} Kg7 29. Re6 $36 {[%mdl 2048] White is pushing.} Qd7 30. Ne5 Qa7 31. Nxc6 Ra2 (31... Qa8 $1 $11) 32. Nxa7 Rxc2 33. Re2 Rc1 34. Nxd5 (34. Nb5 $142 $1) 34... Bxd4 $16 35. Nc6 Nb6 36. Nxd4 Nxd5 {[%mdl 4096] Endgame KRN-KRN} 37. Rb2 $1 Rc4 38. Nc2 $1 Nb6 39. Ne3 Rd4 40. b5 Kf8 41. Kf3 Ke8 42. Ke2 Ke7 43. Rc2 Rb4 44. Rc6 Rb2+ 45. Kf1 Na4 {[#]} ({Better is} 45... Nd7 $14) 46. b6 $1 Kf8 {[#]} 47. Nc4 $1 {[%cal Rc4b2]} Rb4 48. Ke2 Kg7 (48... Rb3 $16 {was worth a try.} 49. Rc7 Nxb6) 49. Kd3 $18 Rb3+ 50. Kd4 Rb1 (50... Rb5 {was called for.} 51. Rc7 Nxb6) 51. Ke5 Rb4 52. Kd6 Nxb6 $2 (52... Rb3 {is a better defense.} 53. Kd7 Rb4) 53. Nxb6 {KRN-KR} Rb2 54. Nd5 Rxf2 55. Rc3 Re2 56. Re3 Ra2 57. Nf4 Ra6+ 58. Kd5 Ra5+ 59. Ke4 Ra4+ 60. Kf3 Ra7 61. Rc3 Rb7 62. Rc6 Rb3+ 63. Kg2 Rb2+ 64. Kh3 Rb7 65. Nd5 Rb5 66. Rd6 Rc5 67. Rd7 Ra5 68. Kg2 Ra2+ 69. Kf3 Ra3+ 70. Ne3 Ra6 71. Rb7 Rf6+ 72. Ke4 Re6+ 73. Kd4 Rf6 74. Ke4 Re6+ $1 75. Kf3 Rf6+ $1 76. Kg2 Ra6 77. Nc4 Rf6 78. Rd7 Kf8 79. Nd6 Kg8 80. Rd8+ Kh7 81. Kg1 {Hoping for Kg2.} Kh6 $2 (81... Rf3 82. Kg2 Rf6) 82. Rh8+ $2 {Precision: White = 79%, Black = 57%.} (82. Rd7 $18 {and the rest is easy.} Kh7 83. Nxf7) 1-0

[Event "Paris GCT 2018-Blitz"]
[Site "Paris"]
[Date "2018.06.23"]
[Round "7"]
[White "So, Wesley"]
[Black "Nakamura, Hikaru"]
[Result "1/2-1/2"]
[WhiteElo "2778"]
[BlackElo "2769"]
[Annotator "TA"]
[PlyCount "35"]
[EventDate "2018.06.23"]
[EventType "tourn"]
[EventCountry "FRA"]
[SourceTitle "playchess.com"]
[Source "ChessBase"]
[SourceQuality "1"]

{[%evp 23,35,52,56,0,0,0,0,0,0,0,0,0,0,0]} 1. d4 Nf6 2. c4 e6 3. Nf3 d5 4. Nc3 Be7 5. Bf4 O-O 6. e3 c5 7. dxc5 Bxc5 8. a3 Nc6 {[%cal Bb8c6,Bc6d4,Bd4c2][%mdl 32]} 9. Qc2 Qa5 10. Rd1 Re8 {D37: Queen's Gambit Declined: 5 Bf4} 11. Nd2 e5 12. Bg5 Nd4 $1 {[%cal Rd4c2] LiveBook: 25 Games. White is slightly better.} 13. Qc1 (13. Qb1 $1 $14 Bf5 14. Bd3 Bxd3 15. Qxd3) 13... Bf5 $11 {The position is equal.} 14. Bxf6 $1 Nc2+ 15. Ke2 {[#] Threatens to win with b4.} Nd4+ $1 16. Ke1 $1 {Strongly threatening b4.} Nc2+ {[#]} 17. Ke2 $146 Nd4+ $1 18. Ke1 $1 1/2-1/2

[Event "Paris GCT 2018-Blitz"]
[Site "Paris"]
[Date "2018.06.23"]
[Round "7"]
[White "Aronian, Levon"]
[Black "Mamedyarov, Shakhriyar"]
[Result "1/2-1/2"]
[WhiteElo "2764"]
[BlackElo "2808"]
[Annotator "TA"]
[PlyCount "126"]
[EventDate "2018.06.23"]
[EventType "tourn"]
[EventCountry "FRA"]
[SourceTitle "playchess.com"]
[Source "ChessBase"]
[SourceQuality "1"]

{[%evp 10,126,44,32,27,20,16,12,6,13,35,0,0,-6,0,0,-8,-4,8,2,19,14,17,20,28,30,33,28,64,52,187,118,118,103,113,115,159,160,256,144,157,163,179,133,129,122,129,116,120,117,134,123,146,151,183,84,97,75,83,80,108,48,48,55,143,143,142,133,136,82,77,77,80,58,53,39,39,37,34,37,33,29,28,28,28,12,30,5,4,0,0,0,0,0,0,0,0,0,0,0,0,0,0,0,0,0,0,0,0,0,0,0,0,0,0,0,0,0,0]} 1. e4 e5 2. Bc4 Nf6 3. d3 {[%cal Bd2d3,Bd3d4][%mdl 32]} Nc6 4. Nf3 h6 5. O-O d6 6. Nc3 {LiveBook: 9 Games. C55: Two Knights: 4 d3, 4 d4 exd4 5 e5 and Max Lange Attack} (6. Re1 g6 7. d4 Bg4 8. Bb5 Nd7 9. Bxc6 bxc6 10. Nbd2 Bg7 11. h3 Be6 12. Nf1 exd4 13. Nxd4 c5 14. Nf5 {1-0 (42) Karjakin,S (2760)-Short,N (2678) Riadh 2017}) 6... Na5 7. Bb3 c6 $146 ({Predecessor:} 7... Nxb3 8. axb3 Be7 9. Be3 c5 10. Re1 O-O 11. h3 b6 12. Qd2 Nh7 13. Kh2 f5 {0-1 (52) Gaedeken,A (1188)-Gawollek,H (1410) Verden 2016}) 8. d4 Qc7 9. Qd3 Be7 10. Ne2 (10. Bxf7+ $5 Kxf7 11. b4 $14) 10... O-O 11. Ng3 c5 12. dxc5 dxc5 13. Bd2 $36 {[%mdl 2048] next Bxa5 is good for White. White has the initiative.} Nxb3 14. axb3 Rd8 15. Qe2 b6 16. Bc3 Bd6 17. Nd2 Bg4 18. Qe3 Nd7 19. Nc4 Nf8 (19... Be6 $14) 20. Nf5 (20. h3 $1 $18 {[%cal Rh3g4]} Be6 21. Nf5 Bxc4 22. Qg3 (22. bxc4 Ne6 $14)) 20... Bxf5 $16 21. exf5 f6 22. Qe4 Be7 23. Rfe1 Qc8 {[#]} (23... Re8 $16 {was necessary.} 24. Nxe5 Bd6) 24. Ne3 (24. f4 $1 $18) 24... Rd7 25. f4 Qb7 26. Qxb7 Rxb7 27. fxe5 fxe5 28. Bxe5 Nd7 29. Bc3 Rf8 30. Nd5 Bd8 31. g4 Nf6 {[#]} 32. Bxf6 (32. Nf4 $1 $18) 32... Bxf6 33. Nxf6+ (33. Rad1 {feels hotter.} h5 34. h3 Bxb2 35. Re6 b5 36. Kg2) 33... Rxf6 $18 {[%mdl 4096] Endgame KRR-KRR} 34. Re8+ Kh7 35. Rae1 (35. Rd1 $16) 35... h5 $14 36. h3 Rd7 ({Black should play} 36... hxg4 $14 37. hxg4 g6) 37. Kg2 $16 hxg4 38. hxg4 g6 39. R1e7+ (39. R1e6 $142 Rdf7 40. Rxf6 Rxf6 41. Re7+ Kg8 42. Kg3 (42. Rxa7 gxf5 43. gxf5 Rxf5 $16)) 39... Rf7 40. f6 {Threatens to win with Rxd7.} Kh6 41. Rxd7 Rxd7 {KR-KR} 42. Re5 {Black must now prevent g5+.} g5 $1 43. Kf3 Kg6 44. Rf5 Kf7 45. Rxg5 Kxf6 46. Rf5+ Kg6 47. Ke3 Rd1 48. c3 Rg1 {The position is equal.} 49. Rf8 Rg2 50. Kd3 Rxb2 51. Kc4 Kg5 52. Rg8+ Kf4 53. g5 {Strongly threatening g6.} Kf5 54. Rg7 Ra2 55. Rg8 Ra3 56. Rg7 a6 57. b4 cxb4 58. cxb4 Re3 59. Ra7 b5+ 60. Kd5 Re5+ 61. Kc6 Re6+ 62. Kb7 Kxg5 63. Rxa6 Re4 {Precision: White = 70%, Black = 65%.} 1/2-1/2

[Event "Paris GCT 2018-Blitz"]
[Site "Paris"]
[Date "2018.06.23"]
[Round "7"]
[White "Anand, Viswanathan"]
[Black "Grischuk, Alexander"]
[Result "1-0"]
[WhiteElo "2759"]
[BlackElo "2766"]
[Annotator "TA"]
[PlyCount "81"]
[EventDate "2018.06.23"]
[EventType "tourn"]
[EventCountry "FRA"]
[SourceTitle "playchess.com"]
[Source "ChessBase"]
[SourceQuality "1"]

{[%evp 24,81,0,0,0,0,0,0,0,0,36,0,33,23,40,41,43,42,49,46,54,52,66,41,46,25,25,0,25,25,44,25,31,22,17,22,27,14,27,35,96,94,183,180,265,253,494,595,664,657,782,788,1047,1032,1030,966,29976,29977,29976,29977]} 1. e4 c5 2. Nf3 d6 3. d4 cxd4 4. Nxd4 Nf6 5. Nc3 a6 6. a4 e5 7. Nf3 Be7 8. Bg5 Be6 {B90: Sicilian Najdorf: Unusual White 6th moves, 6 Be3 Ng4 and 6 Be3 e5} 9. Bxf6 Bxf6 10. Nd5 Nd7 11. Bc4 Rc8 12. Qe2 Nb6 13. Nxf6+ {LiveBook: 3 Games} Qxf6 14. Bxe6 Qxe6 15. a5 (15. O-O O-O 16. Rfd1 {½-½ (38) Hou,Y (2649)-Carlsen,M (2838) Karlsruhe/Baden-Baden 2017 CBM 178 [Moradiabadi,E]}) 15... Nd7 16. c3 Qc4 $146 17. Nd2 Qxe2+ (17... Qc6 {keeps more tension.} 18. O-O O-O 19. Rfe1 Rfd8 20. Nf1 g6) 18. Kxe2 Nc5 19. f3 Ke7 20. Nc4 Rc6 21. Ne3 g6 22. b4 Nd7 23. Rac1 h5 24. Nd5+ Ke6 25. c4 f5 26. Kd3 $36 {[%mdl 2048] White has some pressure.} Rcc8 27. Rhf1 (27. Kc3 {is more complex.} fxe4 28. fxe4 Rhf8 29. Rhf1 Nb8 30. Nb6) 27... Nf6 28. Nxf6 Kxf6 $14 {[%mdl 4096] Endgame KRR-KRR} 29. Rfd1 Ke6 30. Ke3 Rh7 31. Rd5 f4+ ({Black should play} 31... Rd7 $14) 32. Kd3 $16 g5 (32... Rd7 $16 {was called for.}) 33. c5 $1 $18 Rd7 {[#]} (33... Rc6 $142 34. Kc4 g4) 34. Kc4 $1 g4 $2 (34... dxc5 {might work better.} 35. bxc5 Re7) 35. Rcd1 Rc6 36. h4 gxf3 37. gxf3 Ke7 38. Rxd6 Rdxd6 39. Rxd6 Rxd6 40. cxd6+ Kxd6 {[#]} 41. b5 $1 {Precision: White = 67%, Black = 26%.} 1-0